[Event "AUTO-OPEN-2921"]
[Site "http://www.queenalice.com/game.php?id=1204723"]
[Date "2013.8.2"]
[Round "2"]
[White "Canuma"]
[Black "tianedutra"]
[Result "1-0"]
[WhiteElo "2423"]
[BlackElo "1671"]

1. e4 e6 2. d4 Nf6 3. Bg5 h6 4. Bxf6 Qxf6 5. Nc3 Bb4 6. Qd2 d6 7. Nge2 Nc6 8. a3
Ba5 9. f4 Bd7 10. O-O-O O-O-O 11. g3 Qg6 12. d5 Ne7 13. dxe6 fxe6 14. Bg2 Bb6
15. Kb1 Qh5 16. Qd3 Kb8 17. Bf3 Qe8 18. Rhf1 g5 19. Bg4 gxf4 20. Nxf4 Ng6 21.
Nxg6 Qxg6 22. Rf4 Qg7 23. Bh3 Qe5 24. Rdf1 Bd4 25. Rf7 h5 26. R1f4 Qc5 27. Rf1
Qe5 28. R1f4 Qc5 29. Ne2 Be5 30. Rf3 h4 31. gxh4 Be8 32. Rf8 Bh5 33. Rxh8 Rxh8
34. Rf1 Qb6 35. c3 Bxe2 36. Qxe2 Bxc3 37. Bxe6 a6 38. Rf3 Be5 39. Rb3 Qg1+ 40.
Ka2 Ka7 41. h3 Rf8 42. Bf5 Rh8 43. h5 b5 44. Bg4 Kb6 45. Rf3 c5 46. Rf1 Qh2 47.
Qxh2 Bxh2 48. Kb3 c4+ 49. Kc2 Kc5 50. Rd1 Be5 51. b4+ Kb6 52. Rf1 a5 53. Rf7
axb4 54. axb4 Ra8 55. h6 Ra2+ 56. Kb1 Ra1+ 57. Kc2 Ra2+ 58. Kb1 Ra1+ 59. Kc2 1-0

[Event "AUTO-OPEN-2921"]
[Site "http://www.queenalice.com/game.php?id=1204724"]
[Date "2013.8.2"]
[Round "2"]
[White "tianedutra"]
[Black "Canuma"]
[Result "0-1"]
[WhiteElo "1658"]
[BlackElo "2406"]

1. Nf3 Nf6 2. d4 e6 3. Bg5 c5 4. e4 cxd4 5. e5 h6 6. Bc1 Nd5 7. Nxd4 Qa5+ 8. c3
Nc6 9. Nxc6 dxc6 10. Nd2 Bd7 11. Be2 Qc7 12. Nf3 O-O-O 13. Qa4 Kb8 14. Qe4 f5
15. Qc2 g5 16. h3 Rg8 17. Bd2 Bc5 18. Qb3 g4 19. hxg4 fxg4 20. Nd4 Qxe5 21. Rxh6
g3 22. f4 Nxf4 23. Bxf4 Qxf4 24. Rh1 Qf2+ 25. Kd2 e5 26. Raf1 Qxg2 27. Rhg1 Qe4
28. Bd3 Qh4 29. Qc4 Qg5+ 30. Kc2 exd4 31. cxd4 Bb6 32. Kb1 Bc8 33. Qc2 Bxd4 34.
Rg2 Bh3 35. a4 Bxg2 36. Qxg2 Bxb2 37. Qxb2 g2 0-1

[Event "Challenge"]
[Site "http://www.queenalice.com/game.php?id=1231921"]
[Date "2013.11.12"]
[Round "-"]
[White "zmanomega"]
[Black "tianedutra"]
[Result "0-1"]
[WhiteElo "1607"]
[BlackElo "1654"]

1. e4 c5 2. Bc4 Nf6 3. Qf3 Nc6 4. c3 Ne5 5. Qe2 Nxc4 6. Qxc4 d6 7. f3 d5 8. exd5
Qxd5 9. Qxd5 Nxd5 10. g3 e5 11. g4 b6 12. Ne2 Ba6 13. b3 Be7 14. Bb2 Bh4+ 15.
Ng3 Nf4 16. Bc1 Bd3 17. Na3 O-O 18. Nc4 Be2 19. Nxe5 Rae8 20. d4 Bxf3 21. Bxf4
Bxh1 22. O-O-O Rxe5 23. dxe5 Bf3 24. Rd7 Bxg3 25. Bxg3 a6 26. a4 b5 27. a5 Bxg4
28. Ra7 Bc8 29. c4 bxc4 30. bxc4 Be6 31. Rxa6 Rc8 32. Bf2 Bxc4 33. Rb6 h6 34. h4
Ra8 35. Bxc5 Rxa5 36. Rb8+ Kh7 37. Bb4 Rxe5 38. Rf8 Re4 39. Kc2 Rxh4 40. Kc3 Be6
41. Rb8 h5 42. Be7 Rg4 43. Rb2 h4 44. Rh2 g5 45. Bf6 Kg6 46. Rf2 h3 47. Be5 Bf5
48. Kb3 f6 49. Bc7 Rg2 50. Rxg2 hxg2 51. Bb6 Be4 52. Kc3 Kf5 53. Kd2 Kg4 54. Ke1
f5 55. Kf2 Kh3 0-1

[Event "AUTO-INT-2779"]
[Site "http://www.queenalice.com/game.php?id=1241468"]
[Date "2013.12.20"]
[Round "1"]
[White "tianedutra"]
[Black "lffac"]
[Result "1-0"]
[WhiteElo "1668"]
[BlackElo "1429"]

1. Nf3 d5 2. d4 c6 3. c4 dxc4 4. e3 b5 5. a4 a5 6. Ne5 f6 7. Qh5+ g6 8. Nxg6
hxg6 9. Qxh8 Nh6 10. axb5 cxb5 11. Nc3 Bd7 12. Qh7 Bf5 13. e4 Be6 14. Nxb5 a4
15. Bxh6 Kd7 16. Qxg6 Bxh6 17. d5 Kc8 18. Qxh6 Bd7 19. Nc3 Qa5 20. Qf8+ Qd8 21.
Qxd8+ Kxd8 22. Bxc4 Bc8 23. O-O Nd7 24. Rxa4 Rxa4 25. Nxa4 Ne5 26. Bb5 Bd7 27.
Bxd7 Kxd7 28. Nc5+ Kd6 29. b4 Nd7 30. Ra1 Nxc5 31. bxc5+ Kxc5 32. f3 1-0

[Event "AUTO-INT-2779"]
[Site "http://www.queenalice.com/game.php?id=1241469"]
[Date "2013.12.20"]
[Round "1"]
[White "lffac"]
[Black "tianedutra"]
[Result "1-0"]
[WhiteElo "1688"]
[BlackElo "1669"]

1. e4 c5 2. Nc3 d6 3. h3 Nf6 4. d3 e5 5. Nd5 Be6 6. c4 Nc6 7. f4 Ne7 8. Nxf6+
gxf6 9. f5 Bd7 10. Nf3 b5 11. cxb5 Bxb5 12. Be2 d5 13. O-O dxe4 14. dxe4 Bc6 15.
Bd3 Qb6 16. Kh1 O-O-O 17. Be3 Nxf5 18. Bf2 Bxe4 19. Bxe4 Rxd1 20. Rfxd1 Nd4 21.
b3 Be7 22. Nxd4 cxd4 23. Rac1+ 1-0

[Event "AUTO-INT-2779"]
[Site "http://www.queenalice.com/game.php?id=1296689"]
[Date "2014.7.23"]
[Round "2"]
[White "tianedutra"]
[Black "toomchess"]
[Result "1-0"]
[WhiteElo "1714"]
[BlackElo "2093"]

1. Nf3 Nf6 2. c4 b6 3. Nc3 Bb7 4. g3 e6 5. Bg2 d5 6. O-O d4 7. Nb1 Be7 8. b3
Nbd7 9. Nxd4 Bxg2 10. Kxg2 Ne5 11. Bb2 O-O 12. Nxe6 fxe6 13. Bxe5 Ng4 14. Bf4
Bf6 15. Nc3 e5 16. Be3 Nxe3+ 17. dxe3 Qc8 18. Ne4 Qe8 19. Qd5+ Kh8 20. Nxf6 Rxf6
21. Qe4 Rd8 22. Rad1 Rdd6 23. Rd5 Rxd5 24. Qxd5 Rd6 25. Qb7 Rd2 26. Qxc7 h5 27.
Qxa7 Qc6+ 28. Kg1 Kh7 29. Re1 h4 30. Qf7 hxg3 31. hxg3 e4 32. Qh5+ Kg8 33. Kg2
Qd7 34. Rh1 Rxa2 35. Qh8+ Kf7 36. Rh7 Kg6 37. Rh4 Qe6 38. Qh7+ Kf6 39. Rf4+ Ke5
40. Rxe4+ 1-0

[Event "AUTO-INT-2779"]
[Site "http://www.queenalice.com/game.php?id=1296690"]
[Date "2014.7.23"]
[Round "2"]
[White "toomchess"]
[Black "tianedutra"]
[Result "0-1"]
[WhiteElo "2278"]
[BlackElo "1784"]

1. e4 c5 2. Nf3 e6 3. d4 cxd4 4. Nxd4 Nf6 5. Nc3 Nc6 6. Nb3 Bb4 7. e5 Nxe5 8.
Bg5 O-O 9. Qd4 h6 10. Bxh6 Nc6 11. Qh4 gxh6 12. Qxh6 Ne4 13. Bd3 Qf6 14. Qxf6
Nxf6 15. O-O-O Kh8 16. Nb5 a6 17. N5d4 Nxd4 18. Nxd4 Nd5 19. c3 Bc5 20. g3 b5
21. f4 Bb7 22. Rhe1 Bxd4 23. cxd4 f5 24. Kd2 Kg7 25. a4 Bc6 26. a5 Kh7 27. Re5
Rae8 28. Rde1 Kg7 29. Bxf5 Rxf5 30. Rxf5 Ne7 31. Rfe5 Kf7 32. h4 Nf5 33. Rg1
Nxd4 34. Re3 Nf3+ 35. Rxf3 Bxf3 36. Ke3 Bg4 37. Rc1 Ke7 38. Rc7 Ra8 39. Rc5 b4
40. Rg5 Bd1 41. Rc5 Rg8 42. Kf2 Bb3 43. Rc7 Bd5 44. h5 e5 45. fxe5 Rg5 46. h6
Rh5 47. e6 Kxe6 48. Ra7 Bc4 49. Rb7 Bb5 50. Rc7 Rxh6 51. Kg2 Bc6+ 52. Kg1 Rh1+
53. Kf2 Rh2+ 54. Ke3 Rxb2 55. Rc8 b3 56. Rb8 Bb5 57. Rh8 Re2+ 58. Kd4 b2 59. Rh1
Rg2 60. Kc3 Bc6 61. Re1+ Kf5 62. Kb3 Be4 63. g4+ Kf4 64. Rf1+ Kxg4 65. Ka4 Bc2+
66. Ka3 b1=N+ 67. Kb4 d6 68. Re1 Nd2 69. Re6 Ne4 70. Re8 Kf5 71. Kc4 Rg3 72. Kd5
Nf6+ 0-1

[Event "Challenge"]
[Site "http://www.queenalice.com/game.php?id=1303112"]
[Date "2014.8.21"]
[Round "-"]
[White "tianedutra"]
[Black "Aspayne"]
[Result "1-0"]
[WhiteElo "1684"]
[BlackElo "2147"]

1. c4 Nf6 2. Nc3 b6 3. Nf3 Bb7 4. g3 e5 5. Bg2 d6 6. O-O Nbd7 7. d4 exd4 8. Nxd4
Bxg2 9. Kxg2 Be7 10. Nc6 Qc8 11. e4 Qb7 12. Nxe7 Kxe7 13. Nd5+ Nxd5 14. exd5
Rae8 15. Qg4 Rhg8 16. Qh4+ Nf6 17. Bg5 c6 18. Rfe1+ Kd7 19. Bxf6 gxf6 20. Qxh7
Rgf8 21. Qf5+ Kc7 22. Qxf6 cxd5 23. Re7+ 1-0

[Event "AUTO-ADV-3326"]
[Site "http://www.queenalice.com/game.php?id=1332009"]
[Date "2015.1.1"]
[Round "1"]
[White "csantosrj"]
[Black "tianedutra"]
[Result "0-1"]
[WhiteElo "1697"]
[BlackElo "1723"]

1. e4 g6 2. Nc3 Bg7 3. d4 d6 4. Be3 Nf6 5. Nf3 O-O 6. Qd2 Ng4 7. O-O-O Nxe3 8.
Qxe3 a6 9. Kb1 b5 10. Bd3 Nc6 11. e5 Nb4 12. a3 Nxd3 13. Rxd3 Bf5 14. Rd2 c6 15.
h4 Rb8 16. Rdd1 b4 17. axb4 Rxb4 18. Qg5 h6 19. Qf4 Qb8 20. b3 dxe5 21. Qd2 exd4
22. Nxd4 Bxd4 23. Kb2 Kg7 24. f3 Rd8 0-1

[Event "AUTO-ADV-3326"]
[Site "http://www.queenalice.com/game.php?id=1332010"]
[Date "2015.1.1"]
[Round "1"]
[White "tianedutra"]
[Black "csantosrj"]
[Result "1-0"]
[WhiteElo "1707"]
[BlackElo "1713"]

1. b3 d5 2. Bb2 Nf6 3. Nf3 e6 4. e3 Nc6 5. Bb5 Bd7 6. O-O Bd6 7. d4 a6 8. Bxc6
Bxc6 9. Ne5 Bxe5 10. dxe5 Ne4 11. a4 O-O 12. Ba3 Re8 13. f3 Ng5 14. h4 Nxf3+ 15.
Qxf3 Qxh4 16. Qxf7+ Kh8 17. Nd2 d4 18. Qf4 Qxf4 19. Rxf4 dxe3 20. Nc4 Rad8 21.
Nxe3 h6 22. Bb4 b6 23. Rd1 Bd5 24. Rf7 1-0

[Event "AUTO-ADV-3326"]
[Site "http://www.queenalice.com/game.php?id=1332025"]
[Date "2015.1.1"]
[Round "1"]
[White "JORAM2205"]
[Black "tianedutra"]
[Result "1-0"]
[WhiteElo "1687"]
[BlackElo "1725"]

1. e4 g6 2. Nf3 Bg7 3. d4 d6 4. Nc3 Nf6 5. d5 O-O 6. Be2 c6 7. Qd3 cxd5 8. exd5
Nbd7 9. O-O a6 10. Bg5 b5 11. Nd4 Ne5 12. Qd1 Bb7 13. f4 1-0

[Event "AUTO-ADV-3326"]
[Site "http://www.queenalice.com/game.php?id=1332026"]
[Date "2015.1.1"]
[Round "1"]
[White "tianedutra"]
[Black "JORAM2205"]
[Result "0-1"]
[WhiteElo "1744"]
[BlackElo "1668"]

1. b3 e5 2. Bb2 Nc6 3. e3 d6 4. Nf3 Nf6 5. d4 Qe7 6. Bb5 Bd7 7. dxe5 dxe5 8. O-O
a6 9. Bxc6 Bxc6 10. Nxe5 Rd8 11. Qe2 Qe6 12. Nd2 Bb4 0-1

[Event "AUTO-ADV-3326"]
[Site "http://www.queenalice.com/game.php?id=1332037"]
[Date "2015.1.1"]
[Round "1"]
[White "tianedutra"]
[Black "Profnabor"]
[Result "1-0"]
[WhiteElo "1738"]
[BlackElo "1939"]

1. b3 e5 2. Bb2 Nc6 3. e3 d5 4. Bb5 Nf6 5. Bxe5 Bd6 6. Nf3 Bxe5 7. Nxe5 Bd7 8.
Bxc6 bxc6 9. O-O O-O 10. Nc3 Re8 11. d4 h6 12. Na4 Ne4 13. f3 Nd6 14. Nc5 Bf5
15. Nxc6 Qf6 16. c4 dxc4 17. e4 Bd7 18. Nxd7 Qe6 19. Nde5 f6 20. d5 Qc8 21. Nxc4
Nf7 22. Qd4 Nd6 23. Nxd6 cxd6 24. Rfc1 Qd7 25. Rc3 f5 26. Re1 f4 27. e5 dxe5 28.
Rxe5 Rxe5 29. Nxe5 Qf5 30. Qe4 Qf6 31. Rc6 Qf8 32. Ng6 Qb4 33. Qxb4 1-0

[Event "AUTO-ADV-3326"]
[Site "http://www.queenalice.com/game.php?id=1332038"]
[Date "2015.1.1"]
[Round "1"]
[White "Profnabor"]
[Black "tianedutra"]
[Result "0-1"]
[WhiteElo "1917"]
[BlackElo "1762"]

1. e4 g6 2. d4 Bg7 3. Nf3 d6 4. Bd3 Nf6 5. Be3 Nc6 6. O-O Bg4 7. h3 Bxf3 8. Qxf3
O-O 9. Nc3 Nd7 10. Ne2 Nb4 11. Bd2 Nxd3 12. Qxd3 c5 13. Bc3 Qb6 14. dxc5 Nxc5
15. Qf3 Bxc3 16. bxc3 Qc6 17. Ng3 Rfc8 18. Rfe1 e5 19. Qf6 Re8 20. f4 Re6 21.
Qg5 f6 22. Qg4 Rae8 23. f5 R6e7 24. Nh5 Kf7 25. fxg6+ hxg6 26. Ng3 Ne6 27. Rf1
Qxc3 28. Ne2 Qxc2 29. Rf2 Qc5 30. Rf1 Ng7 31. Kh2 Nh5 32. Qh4 Kg7 33. g4 Nf4 34.
Nxf4 exf4 35. Rxf4 g5 36. Rf5 Qxf5 37. Rxf5 gxh4 38. Kg2 Re5 39. Rxe5 Rxe5 40.
Kf3 Ra5 41. Kf4 Kg6 42. a4 Rxa4 0-1